| 000 | 00849cam a22002531 4500 | ||
|---|---|---|---|
| 001 | sa 67006859 | ||
| 003 | DLC | ||
| 005 | 20260227112411.0 | ||
| 008 | 880209s1965 pk 000 0 eng | ||
| 010 | _asa 67006859 | ||
| 035 | _a(OCoLC)19446787 | ||
| 040 |
_aDLC _cMnU-L _dCLU _dDLC |
||
| 042 | _apremarc | ||
| 043 | _aa-pk--- | ||
| 050 | 0 | 0 |
_aKPL961.A311925 _bA4 1965 |
| 110 | 1 | _aWest Pakistan (Pakistan). | |
| 245 | 1 | 4 |
_aThe co-operative societies act, 1925 : _bSind act VII of 1925 / _cas corrected up to 31st July 1965. |
| 260 |
_aLahore (India) : _bSuperintendent Govt. Print., _c1965. |
||
| 300 |
_a46 p. ; _c25 cm. |
||
| 500 | _aCover title. | ||
| 500 | _aAt head of title: Govt. of West Pakistan. Law Dept. | ||
| 650 | 0 |
_aCooperative societies _xLaw and legislation _zPakistan. |
|
| 710 | 1 |
_aWest Pakistan (Pakistan). _bLaw Department. |
|
| 999 |
_c76205 _d76205 |
||